000 00328nam a2200157Ia 4500
100 _aNewnham/Robert E
650 _aMaterials
942 _cBK
366 _f20
245 _aProperties of Materials
260 _bOxford university press
_c2007
082 _a658.7
_bNEW
300 _a457
546 _aENGLISH
999 _c27515
_d27515